<?xml version="1.0" encoding="UTF-8"?>
<collection xmlns:xsi="http://www.w3.org/2001/XMLSchema-instance" xsi:schemaLocation="http://www.loc.gov/MARC21/slim http://www.loc.gov/standards/marcxml/schema/MARC21slim.xsd" xmlns="http://www.loc.gov/MARC21/slim">
 <record>
  <leader>00000cab a22000004cb4500</leader>
  <controlfield tag="001">IPP-00000180461</controlfield>
  <controlfield tag="003">IPP</controlfield>
  <controlfield tag="005">20160823110642.0</controlfield>
  <controlfield tag="008">160823s2016    xx     d | ||r |||||eng||</controlfield>
  <datafield tag="041" ind1="#" ind2="#">
   <subfield code="a">eng</subfield>
  </datafield>
  <datafield tag="100" ind1="1" ind2="#">
   <subfield code="a">Andal, Emmanuel Genesis T.</subfield>
  </datafield>
  <datafield tag="245" ind1="1" ind2="0">
   <subfield code="a">The economic incentives of international conflicts</subfield>
   <subfield code="b">a theoretical exposition</subfield>
  </datafield>
  <datafield tag="264" ind1="#" ind2="1">
   <subfield code="c">2016</subfield>
  </datafield>
  <datafield tag="520" ind1="#" ind2="#">
   <subfield code="a">This paper explores the event in which a country imposes its power on another country to improve its welfare. It constructs a model of the economic incentives of international armed conflicts and investigates the role of power relations in the furtherance of national welfare. The central result is that in case of an armed conflict, the country with the higher probability of winning has greater wealth and will aim for a larger value of the stake from the armed conflict. Furthermore, as the probability of winning the war rises, the price of the stake the country is willing to pay increases.</subfield>
  </datafield>
  <datafield tag="650" ind1="1" ind2="0">
   <subfield code="a">War</subfield>
   <subfield code="x">Economic aspects</subfield>
  </datafield>
  <datafield tag="650" ind1="2" ind2="0">
   <subfield code="a">International economic relations</subfield>
  </datafield>
  <datafield tag="773" ind1="0" ind2="#">
   <subfield code="t">Journal of Economics, Management &amp; Agricultural Development</subfield>
   <subfield code="g">Vol. 2, no. 1 (Jun. 2016), 15-22</subfield>
  </datafield>
  <datafield tag="942" ind1="#" ind2="#">
   <subfield code="a">Article</subfield>
  </datafield>
  <datafield tag="950" ind1="#" ind2="#">
   <subfield code="a">FI</subfield>
  </datafield>
 </record>
</collection>
